000 006130000a22001810004500
003 MACL
005 20160331113315.0
008 160331b xxu||||| |||| 00| 0 eng d
040 _aMACL
_cMACL
041 _aHindi
082 _a100 ABH
100 _aअभिषेक पद़मजा
_949085
245 _aविश्‍वधर्म की संकल्‍पना और भारतीय चिन्‍तनधारा
260 _bअभिधा प्रकाशन
_c2007
_aनई दिल्‍ली
350 _a100
650 _aPhilosophy
_949087
942 _cHIN
_k100/ABH
_2ddc
999 _c41366
_d41366